Gaming Quiz

Random Gaming Quiz
Score 0/34 Timer 10:00
0 Plays Today
Type Weapon % Correct
MeleeAxe
64.5%
GrenadePipe Bomb
62.6%
MeleeBaseball Bat
57.9%
MeleeChainsaw
54.2%
MeleeKatana
49.5%
Tier 2AK- 47
47.7%
MeleeMachete
45.8%
MeleeCrowbar
43.9%
MeleeFrying Pan
43%
Tier 2 Assault Rifle
41.1%
Tier 2Sniper Rifle
38.3%
Tier 1Pump Shotgun
37.4%
Left For Dead 2: Tier 1Pump Shotgun
37.4%
MeleeGuitar
36.4%
MeleeCricket Bat
35.5%
Tier 2Hunting Rifle
34.6%
Tier 2Hunting Rifle
34.6%
Type Weapon % Correct
GrenadeBile Bomb
33.6%
Tier 2Auto Shotgun
31.8%
GrenadeMolotov Cocktail
31.8%
Tier 1Submachine Gun
30.8%
Tier 1Submachine Gun
30.8%
MeleeGolf Club
25.2%
Tier 1Chrome Shotgun
22.4%
Tier 2Combat Shotgun
18.7%
SidearmGlock
18.7%
MeleeNightstick
16.8%
Tier 1Silenced Submachine Gun
11.2%
SidearmMagnum Pistol
9.3%
Tier 2Combat Rifle
8.4%
Tier 2Tactical Shotgun
5.6%
Left for Dead 2: SidearmP220 Pistol
4.7%
Tier 2M- 16 Assault Rifle
2.8%
SidearmMI911 Pistol
0%
Remove Ads.
Support Sporcle.
Get the best of Sporcle when you Go Orange. This ad-free experience offers more features, more stats, and more fun while also helping to support Sporcle. Thank you for becoming a member.

You're not logged in!

Compare scores with friends on all Sporcle quizzes.
OR
Log In

Show Comments

Extras

Created Nov 10, 2010ReportNominate
Tags:death, Weapons

Top Quizzes Today


Score Distribution

Your Account Isn't Verified!

In order to create a playlist on Sporcle, you need to verify the email address you used during registration. Go to your Sporcle Settings to finish the process.

Report this User

Report this user for behavior that violates our Community Guidelines.

Details: